Regímenes del bienestar en América Latina /
Se analizan estadísticamente conglomerados de todos los países latinoamericanos hispanohablantes (excepto Cuba), los cuales comparten mercados laborales ineficientes, políticas públicas débiles o inexistentes y el ámbito doméstico o el trabajo femenino como central para dar cuenta de la asignación d...
Tallennettuna:
| Päätekijä: | |
|---|---|
| Aineistotyyppi: | Teksti |
| Kieli: | Spanish |
| Julkaistu: |
España, Madrid:
Fundación Carolina - CeALCI,
2007
|
| Aiheet: | |
| Tagit: |
Lisää tagi
Ei tageja, Lisää ensimmäinen tagi!
|
MARC
| LEADER | 00000 a a2200000 04500 | ||
|---|---|---|---|
| 001 | 35177 | ||
| 003 | cru CIDCACS/IIS | ||
| 005 | 20230707101624.0 | ||
| 008 | 230508b2007 sp ||||| |||| 00| 0 spa d | ||
| 020 | |a 1885-866-X | ||
| 022 | |a 1885-866-X | ||
| 040 | |c CRAI/IIS | ||
| 090 | |a 02.02.01 M385r | ||
| 100 | |a Martínez Franzoni, Juliana | ||
| 245 | |a Regímenes del bienestar en América Latina / |c Juliana Martínez Franzoni | ||
| 260 | |a España, Madrid: |b Fundación Carolina - CeALCI, |c 2007 | ||
| 300 | |a 118 páginas | ||
| 500 | |a También en Jornadas de Investigación, n° 4 | ||
| 520 | |a Se analizan estadísticamente conglomerados de todos los países latinoamericanos hispanohablantes (excepto Cuba), los cuales comparten mercados laborales ineficientes, políticas públicas débiles o inexistentes y el ámbito doméstico o el trabajo femenino como central para dar cuenta de la asignación de los recursos que tiene lugar en la región. Se identifican tres tipos según el papel del Estado y el grado de familiarización del manejo de riesgos: estatal-proteccionista (Costa Rica, Uruguay), estatal-productivista (Argentina y Chile), y familiarista (Ecuador o Nicaragua). Este último presenta dos conglomerados donde uno de ellos se define porque presenta mercados laborales y políticas públicas aún más débiles o ineficientes. Se analiza el bienestar de las personas dentro de un país de cada tipo y conglomerado | ||
| 650 | |a ECONOMIA DEL BIENESTAR | ||
| 650 | |a DISTRIBUCION DEL INGRESO | ||
| 650 | |a POLITICA GUBERNAMENTAL | ||
| 650 | |a MERCADO DE TRABAJO | ||
| 650 | |a BIENESTAR DE LA FAMILIA | ||
| 650 | |a POLITICA DE PRODUCTIVIDAD | ||
| 650 | |a PROTECCIONISMO | ||
| 650 | |a ANALISIS HISTORICO | ||
| 650 | |a CHILE | ||
| 650 | |a COSTA RICA | ||
| 650 | |a ECUADOR | ||
| 650 | |a NICARAGUA | ||
| 650 | |a AMERICA LATINA | ||
| 650 | |a ESTADISTICAS ECONOMICAS | ||
| 650 | |a ESTADISTICAS SOCIALES | ||
| 942 | |2 ddc |c LI |h 02.02.01 M385r |i 02917 |6 020201_M385R_02917 | ||
| 999 | |c 13533 |d 13533 | ||
